O constitucionalismo limites e novas possibilidades

Detalles Bibliográficos
Autor principal: Bustamante, Thomas
Otros Autores: Gonȧlves Fernandes, Bernardo, Leite Sampaio, Jos ̌Adřcio, Rezende, Élcio Nacur, Navarro Moreira, Ana Lus̕a, Nascimento Martins, Joô Vc̕tor, de Carvalho Enrq̕uez, Igor
Formato: eBook
Lenguaje:portugués
Publicado: Belo Horizonte: Initia Via Editora, 2015
Materias:
Acceso en línea:Acceso restringido

MARC

LEADER 00000nam a22000007a 4500
005 20210426214159.0
007 cr|||| ||||
008 210426s2015 br |||||s|||| 00||0 por d
035 |a 33157 
040 |a vLex 
090 |c 11526  |d 11526 
100 1 |a Bustamante, Thomas 
245 1 1 |a O constitucionalismo limites e novas possibilidades  |h [Recurso electrn̤ico] /  |c Thomas Bustamante, Bernardo Gonȧlves Fernandes, Jos ̌Adřcio Leite Sampaio, Élcio Nacur Rezende, Ana Lus̕a Navarro Moreira, Joô Vc̕tor Nascimento Martins, Igor de Carvalho Enrq̕uez 
256 |a Servicio en ln̕ea 
260 |a Belo Horizonte:  |b Initia Via Editora,  |c 2015 
300 |a 1 recurso electrn̤ico 
506 1 |a Disponible solo en los productos indicados  |d vLex Global  |d vLex Global (Academic Edition, excluding Law Schools)  |d vLex Global (U.S. Academic Edition, Law Schools)  |d vLex Global (U.S. Academic Edition, excluding Law Schools)  |d vLex Global (Academic Edition, Law Schools) 
650 0 4 |a Derecho Constitucional  |z Brasil 
700 1 |a Gonȧlves Fernandes, Bernardo 
700 1 |a Leite Sampaio, Jos ̌Adřcio 
700 1 |a Rezende, Élcio Nacur 
700 1 |a Navarro Moreira, Ana Lus̕a 
700 1 |a Nascimento Martins, Joô Vc̕tor 
700 1 |a de Carvalho Enrq̕uez, Igor 
740 0 |a vLex Libros (Servicio en ln̕ea) 
856 4 0 |u https://vlex.com/source/constitucionalismo-limites-novas-possibilidades-33157  |z Acceso restringido 
942 |c BOOK 
999 0 |a Constitutional right